000 00738nam a22002057a 4500
999 _c12985
_d12985
003 AR-CdUCM
008 190410b ||||| |||| 00| 0 spa d
040 _aMUNICIPALIDAD PROVINCIAL DEL CUSCO
_cBIBLIOTECA MUNICIPAL DEL CUSCO
082 _29ed
_a800.2 /
_bR47
100 _aRey S. J., Juan
_931136
245 _aPreceptiva Literaria /
260 _aEspañá :
_bEditorial Sal Terrae,
_c1969.
300 _a262 páginas ;
_c21 cm.
505 _aContenido: Nociones de estética -- Nociones generales de literatura -- Arte métrica -- Géneros literarios, la poesía épica -- La poesía lírica...
650 _aPoesía
_9139
650 _aDrama
_9560
650 _aLiteratura
_983
942 _2ddc
_cLIBROS
945 _adavv
_d10/04/2019